1181 1021 1336 1827 1080 1196 1907 1869 1263 1040 1032 1726 1854 1861 1294 1942 1428 1412 1083 1671 1543 1565 1060 1082 1416 1447 1714 1872 1612 1247 1925 1382 1152 1117 1032 1398 1655 1026 1397 1039 1231 1262 1660 1513 1865 1177 1950 1142 1353 1337 1047 1963 1700 1418 1096 1910 1944 1273 1305 1874 1547 1960 1610 1599 1361 1349 1672 1111 1300 1468 1986 1724 1550 1531 1783 1024 1456 1826 1086 1029 1360 1857 1690 1403 1497 1386 1249 1412 1106 1654 1348 1218 1663 1870 1468 1197 1277 1860 1022 BCNSPRNW ULIB Ver.6.0+V

เปลี่ยนเป็นภาษาไทย

Change to English
 แสดงรายละเอียดบรรณานุกรม
  กลับหน้าหลัก

Brief Record : Get Marc (ISO 2709) : E-mail record : QR code < ปิดหน้าต่าง
LEADER : 00000nam 2200000uu 4500
001    13399114471
003     ULIB
008    120404s2552||||th 000 0 tha d
020    ^a9786119002845
090    ^aนว.^bส655H 2552
100 0  ^aสายลมหนาว
245 00 ^aHelp me My Heart สะกิดรักสลับหัวใจ 1/^cสายลมหนาว
250    ^aพิมพ์ครั้งที่ 1
260    ^aกรุงเทพฯ :^bCHEEZE^c2552
300    ^a171 หน้า
710 1  ^aCHEEZE
945    ^p148^l0^i15947
995    ^aกัณชพร
999    ^aใช้งานได้ทุกระบบ
รายการนี้ยังไม่มีแท็ก
คุณยังไม่ได้ล็อกอิน คุณสามารถมีกิจกรรมร่วมกับเว็บไซต์ได้ แต่ต้องล็อกอินก่อน ::
  ล็อกอิน

รายการสื่อสารสนเทศ

ลำดับที่ ประเภท เลขเรียก/บาร์โค้ด สถานที่ สถานะ
1. นวนิยาย
นวนิยาย
นว. ส655H 2552  
  Barcode: 15947
ห้องสมุดวิทยาเขตสวรรค์ประชารักษ์
►นวนิยาย
บนชั้น
  ขอยืม

รายการใกล้เคียง
    ผู้แต่ง [สายลมหนาว]

BibComment


ยังไม่เคยถูกคอมเมนท์

คอมเมนท์ทรัพยากรรายการนี้
  คอมเมนท์: Help me My Heart..


 Copyright 2026. Bcnsprnw @Library